000
00314nam a22001457a 4500
008
231124b ||||| |||| 00| 0 eng d
020
_a
0198750595
041
_a
eng
080
_a
101
082
_a
101NOR
100
_a
44
101
_a
FILOZO
245
_a
THE MORAL PHILOSOPHERS
_c
NORMAN R
942
_2
udc
_c
BK
999
_c
60504
_d
60504